|
|
|
|
| LEADER |
00000nam a22000004a 4500 |
| 001 |
AR-BbUGT1725 |
| 003 |
AR-BbUGT |
| 005 |
20181220001557.0 |
| 007 |
ta |
| 008 |
061101t1970 |||ad |0|||0| d |
| 040 |
|
|
|a AR-BbUGT
|b spa
|c AR-BbUGT
|
| 082 |
0 |
4 |
|a 338.630
|
| 100 |
1 |
|
|a Yudelman, Montague.
|
| 245 |
1 |
3 |
|a El desarrollo agrícola y la integración de la América Latina /
|c Montague Yudelman.
|
| 260 |
|
|
|a Buenos Aires :
|b Fondo de cultura económica,
|c 1970.
|
| 300 |
|
|
|a 294 p. :
|b il., tablas
|
| 653 |
|
|
|a Economia
|
| 653 |
|
|
|a Desarrollo Agricola
|
| 653 |
|
|
|a América Latina
|
| 942 |
|
|
|c BK
|h 338.630
|i Y9
|m D
|2 ddc
|6 338_630000000000000_Y9
|
| 999 |
|
|
|c 9465
|d 9465
|